| 000 | 00000nam##2200000za#4500 |
| 001 | 9.639556 |
| 003 | CaOODSP |
| 005 | 20210624222228 |
| 007 | cr ||||||||||| |
| 008 | 150407|1999||||xxc|||||o f|0| 0 fre|d |
| 040 | |aCaOODSP|bfre |
| 043 | |an-cn--- |
| 086 | 1 |aH49-125/1999F-PDF |
| 110 | 1 |aCanada. |bSanté Canada. |
| 245 | 13|aLa surveillance de la santé des femmes : |h[ressource électronique]|bun plan d'action pour Santé Canada : rapport du Comité consultatif sur la surveillance de la santé des femmes |
| 260 | |aOttawa - Ontario : |bSanté Canada |cc1999. |
| 300 | |a115p.|bfigure, glossaire, graphique, références, tableau |
| 500 | |aLe n° de catalogue (H49-125/1999) et l'ISBN (0-662-64616-9) de l'édition imprimée bilingue ont été incorrectement copiés dans l'édition électronique. |
| 504 | |aBibliographie. |
| 590 | |a12-15-Supp|b2012-04-13 |
| 691 | 07|aFemme|2gcpds |
| 691 | 07|aPromotion de la santé|2gcpds |
| 691 | 07|aSanté|2gcpds |
| 775 | 08|tWomen's health surveillance : |w(CaOODSP)9.695418 |
| 776 | 0#|tWomen's health surveillance: a plan of action for Health Canada : |w(CaOODSP)9.661455 |
| 776 | 0#|tLa surveillance de la santé des femmes: un plan d'action pour Santé Canada : |w(CaOODSP)9.661456 |
| 856 | 40|ahttp://publications.gc.ca|qPDF|s1.09 Mo|uhttps://publications.gc.ca/collections/Collection/H49-125-1999F.pdf |